| 000 | 00444nam a2200157 i 4500 | ||
|---|---|---|---|
| 001 | 145700 | ||
| 003 | ES-MaACL | ||
| 005 | 20230906201304.0 | ||
| 007 | t| | ||
| 008 | 071016s1909 fr ||||1| fre d | ||
| 100 | 1 |
_aVerecque, Charles. _9114066 |
|
| 245 | 1 | 3 |
_aLe conquête socialiste du pouvoir politique / _cCharles Verecque. |
| 260 |
_aParis : _bV. Giard et E. Brière, _c1909. |
||
| 300 |
_a256 p. ; _c18 cm. |
||
| 852 |
_aES-MaACL _jG-604 |
||
| 999 |
_c145700 _d145700 |
||